| 000 | 00460nam a22001817a 4500 | ||
|---|---|---|---|
| 003 | OSt | ||
| 005 | 20240220125316.0 | ||
| 008 | 240220b |||||||| |||| 00| 0 eng d | ||
| 020 | _a9780195647709 | ||
| 082 |
_a338.954 _bBARP |
||
| 100 | _aBardhan, Pranab | ||
| 245 | _aPolitical Economy of Development in India | ||
| 260 |
_aNew Delhi _bOxford Uni. Press _c2022 |
||
| 300 | _a153p | ||
| 546 | _aEnglish | ||
| 650 | _aIndia-Economic Policy | ||
| 942 |
_2ddc _cBK |
||
| 999 |
_c3452 _d3452 |
||